In the frame (Record no. 82790)

MARC details
000 -LEADER
fixed length control field 00822cad a22002055a 4500
001 - CONTROL NUMBER
control field E151400
008 - FIXED-LENGTH DATA ELEMENTS--GENERAL INFORMATION
fixed length control field 101101e20101008xxk 000 0 eng d
035 ## - SYSTEM CONTROL NUMBER
System control number (Sirsi) u151400
041 0# - LANGUAGE CODE
Language code of text/sound track or separate title eng
100 1# - MAIN ENTRY--PERSONAL NAME
Personal name Thorpe, Caroline
245 00 - TITLE STATEMENT
Title In the frame
Medium [electronic resource]
260 ## - PUBLICATION, DISTRIBUTION, ETC.
Date of publication, distribution, etc. 2010
490 ## - SERIES STATEMENT
Series statement Inside Housing
Volume/sequential designation 8 October 2010
520 ## - SUMMARY, ETC.
Summary, etc. Discusses the safety and suitability of timber frame construction in social housing. Highlights fires which have taken place in such properties and looks at ways of minimising the risks.
590 ## - LOCAL NOTE (RLIN)
Local note KA
651 #4 - SUBJECT ADDED ENTRY--GEOGRAPHIC NAME
Geographic name United Kingdom
Chronological subdivision
690 ## - LOCAL SUBJECT ADDED ENTRY--TOPICAL TERM (OCLC, RLIN)
Topical term or geographic name as entry element BUILT ENVIRONMENT-BUILDING MATERIALS-TIMBER
856 40 - ELECTRONIC LOCATION AND ACCESS
Uniform Resource Identifier <a href="https://www.insidehousing.co.uk/analysis/in-depth/in-the-frame/6511990.article">https://www.insidehousing.co.uk/analysis/in-depth/in-the-frame/6511990.article</a>
Public note View the article free of charge at www.insidehousing.co.uk
942 ## - ADDED ENTRY ELEMENTS (KOHA)
Suppress in OPAC 0
Holdings
Withdrawn status Lost status Source of classification or shelving scheme Damaged status Not for loan Home library Current library Shelving location Date acquired Total Checkouts Full call number Barcode Date last seen Copy number Price effective from Koha item type
    Dewey Decimal Classification     Virtual Virtual Online 01/11/2010   ONLINE PUBLICATION 151400-2001 06/08/2019 1 06/08/2019 Journal article